000 01166 a2200241 4500
999 _c8017
_d8017
005 20221228143129.0
008 080922t xxu||||| |||| 00| 0 hin d
010 _aHIN-81202 पुस्तक मेला, HIN-124704
020 _a8190429744
_c423
020 _a9788190429740 पुस्तक मेला
_c695.00
035 _aHN-53548
035 _aB-241293
035 _aHN-97050
037 _bD.B.Act / Pub
082 _a423
100 _aशर्मा , वीरेन्द्र
_946062
245 _aपौराणिक शब्दगाथा कोश /
_cवीरेन्द्र शर्मा
246 _aPoranik Shabdgatha Kosh
_bBy-Virendra Sharma
260 _aदिल्ली
_bभारतीय पुस्तक परिषद्
_c2007
_c2016 पुस्तक मेला
270 _a175-सी, पॉकेटःए , मयूर विहार फेज-2
_bनई दिल्ली
_e110091
_k(011)23282733 मो. 09811607086
_l23270715
300 _a352पृ
_c22सेमी(सजिल्द)
942 _adpl
_cHN
_k423 / शर्मावी
_2ddc
_h423
_mशर्मावी